MARC

LEADER 00000nam0a2200000 4500
001 42578
005 20231101210747.0
010 |a 53211557 
035 |a (RuTPU)RU\TPU\book\43892 
090 |a 42578 
100 |a 20020909d2001 k y0rusy50 ca 
101 0 |a rus 
102 |a RU 
105 |a a z 001zy 
200 1 |a Конкурентоспособность предприятия: оценка, анализ, пути повышения  |f Д. С. Воронов, В. В. Криворотов 
210 |a Екатеринбург  |c Изд-во Уральского ГТУ  |d 2001 
215 |a 96 с.  |c ил. 
320 |a Библиогр.: с. 94-95. 
606 1 |a Предприятия  |x Экономика  |x Управление  |2 stltpush  |3 (RuTPU)RU\TPU\subj\36690  |9 57983 
610 1 |a экономика 
610 1 |a предприятия 
610 1 |a управление 
610 1 |a конкуренция 
610 1 |a конкурентоспособность 
610 1 |a рыночная экономика 
610 1 |a оценка 
610 1 |a методика 
610 1 |a анализ 
686 |a У9(2)29-2  |v LBC/SL-A  |2 rubbk 
700 1 |a Воронов  |b Д. С.  |g Дмитрий Сергеевич 
701 1 |a Криворотов  |b В. В.  |g Вадим Васильевич 
801 1 |a RU  |b 63413507  |c 20020909  |g PSBO 
801 2 |a RU  |b 63413507  |c 20210922  |g PSBO 
900 |a Экономика и предпринимательство в социально-культурной сфере и туризме 
942 |c BK